Najmłodsze kraje świata - Statystyki

Ogólne statystyki
  • Ten quiz został rozwiązany 122 razy
  • Średni wynik to 6 z 10
Statystyki odpowiedzi
Kraj Rok % Poprawnych
Kosowo 2008
92%
Sudan Południowy 2011
89%
Czarnogóra 2006
76%
Serbia 2006
76%
Timor Wschodni 2002
60%
Chorwacja 1995
59%
Czechy 1993
55%
Słowacja 1993
55%
Erytrea 1993
27%
Palau 1994
20%
Nie znaleziono quizów pasujących do podanych kryteriów
Rozkład punktacji
Procent ludzi z każdym wynikiem
Percentyl według liczby udzielonych odpowiedzi
Twoja historia wyników
Nie rozwiązałeś tego quizu